| 000 | 00875nam a2200265 i 4500 | ||
|---|---|---|---|
| 001 | bg | ||
| 100 | 1 | _aPOOK, L. P. | |
| 245 | 1 | 0 |
_aCrack paths / _cL. _nP. Pook. |
| 260 |
_aSouthampton : _bWIT Press, _c2002. |
||
| 300 |
_a[X], 154 s. : _bil. ; _c24 cm. |
||
| 490 | 1 |
_aAdvances in Domage Mechanics, _x1473-8791 ; _vVol.2 |
|
| 504 | _aBibliogr. po rozdz., indeks. | ||
| 650 | 9 |
_aPękanie _xmechanika |
|
| 650 | 9 | _aNaprężenia i odkształcenia | |
| 650 | 9 | _aWytrzymałość materiałów | |
| 830 |
_aAdvances in Domage Mechanics, _x1473-8791 ; |
||
| 020 | _a1853129275 | ||
| 040 | _cBPK | ||
| 041 | 0 | _aeng | |
| 080 | _a539.3/.6:620.17 | ||
| 920 | _a1-85312-927-5 | ||
| 942 | _cKS | ||
| 008 | s pl f |000 0 pol | ||
| 999 |
_c44700 _d44700 |
||
| 856 |
_uhttp://koha.tu.koszalin.pl/cgi-bin/koha/opac-detail.pl?biblionumber=44700 _yKatalog online BPK |
||